000 01462cam a2200337 a 4500
001 EDZ0000085056
003 StDuBDS
005 20161031105205.0
006 m||||||||d||||||||
007 cr |||||||||||
008 120516s2007 caua fo| 001|0|eng|d
020 _a9781452225937 (ebook) :
_cNo price
040 _aStDuBDS
_beng
_cStDuBDS
_epn
049 _aAlfaisal Main Library
050 0 _aHD30.3
_b.E38 2007
082 0 4 _a658.45
_223
100 1 _aEisenberg, Eric M.
245 1 0 _aStrategic ambiguities
_h[electronic resource] :
_bessays on communication, organization, and identity /
_cEric M. Eisenberg.
260 _aThousand Oaks, [Calif.] ;
_aLondon :
_bSAGE,
_cc2007.
300 _a1 online resource (xii, 311 p.) :
_bill.
520 8 _aThis collection of Eisenberg's most significant essays provides a coherent example of a set of important ideas in organisational communication, pertaining in particular to the importance of language and interpretation in the social construction of organisational life.
521 _aSpecialized.
588 _aDescription based on print version record.
504 _aIncludes bibliographical references and index.
650 0 _aCommunication in organizations.
655 7 _aElectronic books.
_2local
710 2 _aSage eBooks
776 0 8 _iPrint version :
_z9781412926881
856 4 0 _uhttp://ezproxy.alfaisal.edu/login?url=http://sk.sagepub.com/books/strategic-ambiguities
942 _2lcc
_cEBOOKS
999 _c481315
_d481315